000 00469nam a2200157Ia 4500
008 240729s9999 xx 000 0 und d
022 _a2338-7335
245 0 _aIndonesian Journal of Obstetrics and Gynecology
260 _aIndonesia
260 _bIndonesian Society of Obstetrics and Gynecology
650 _a Gynecology and obstetrics
650 _aMedicine
856 _uhttps://doaj.org/toc/58e5ac0699954026bbf03f647bb3645f
942 _2ddc
942 _cDOAJEJ
999 _c68594
_d68594
945 _a1
_bMadushi Gamage
_c1
_dMadushi Gamage